Avicii Songs - Sudden Death - Statistics

General Stats
  • This quiz has been taken 97 times
  • The average score is 8 of 10
Answers on the Grid
Answers color-coded by a green-red scale on the quiz's grid according to % correct below.
Blue Skies Again
Brave New Sunrise
Broken Arrows
Carry the Sky Tonight
Colors of the Wind Tonight
Dear Boy
Echoes of a Better Day
Endless Wild Roads
Follow the Heartbeat Home
Heart Upon My Sleeve
Hey Brother
Higher Than We Ever Dreamed
Home in the Starlight
I Could Be the One
Levels
Light Up the Memory
Lost in the Golden Glow
Never Let the Fire Go
Rise Before the Fall
Run Free Forever
Runaway Horizon
Shining Through the Storm
The Nights
Turn the Pages of Time
Voices in the Sunlight
Waiting for Love
Wake Me Up
Waves of the Feeling
Wild Hearts Calling
You Make Me
 
Answer Stats
Answer % Correct
Wake Me Up
97%
Hey Brother
93%
Levels
92%
The Nights
89%
Waiting for Love
89%
Broken Arrows
76%
You Make Me
69%
I Could Be the One
68%
Dear Boy
58%
Heart Upon My Sleeve
49%
No matching quizzes found
Score Distribution
Percent of People with Each Score
Percentile by Number Answered
Your Score History
You have not taken this quiz